| Tag |
First Indicator |
Second Indicator |
Subfields |
| LEADER |
00000cam a22000005 4500 |
| 001 |
in00001017204 |
| 005 |
20150928092628.0 |
| 008 |
840123s1910 gr aef 00010 grerd |
| 035 |
|
|
|a (OCoLC)10326378
|
| 035 |
|
|
|9 AFF0234AM
|
| 040 |
|
|
|a CIN
|c CIN
|d TXA
|d UtOrBLW
|
| 049 |
|
|
|a TXAM
|
| 090 |
|
|
|a NA283.O6
|b B4 1910
|
| 100 |
1 |
|
|a Versakēs, Friedrich.
|
| 245 |
1 |
3 |
|a Ho perivolos tou Olympeiou epi Adrianou /
|c hypo Phreiderikou Versakē.
|
| 264 |
|
1 |
|a Athēnais :
|b Typois P.D. Sakellariou,
|c 1910.
|
| 300 |
|
|
|a 16 pages including plan :
|b illustrations, plate, diagrams ;
|c 24 cm.
|
| 336 |
|
|
|a text
|b txt
|2 rdacontent
|
| 337 |
|
|
|a unmediated
|b n
|2 rdamedia
|
| 338 |
|
|
|a volume
|b nc
|2 rdacarrier
|
| 500 |
|
|
|a Romanized record.
|
| 651 |
|
0 |
|a Athens (Greece)
|b Olympieum.
|
| 999 |
|
|
|a MARS
|
| 999 |
f |
f |
|s 6f4ac7fb-b8da-389f-a7c6-5665281e5046
|i 4bfcce32-63f4-3020-8003-a4fda6d50d1c
|t 0
|
| 952 |
f |
f |
|p ric
|a Texas A&M University
|b Rellis Campus
|c Joint Library Facility
|d Remote Storage
|t 0
|e NA283.O6 B4 1910
|h Library of Congress classification
|i unmediated -- volume
|m A14815064545
|
| 998 |
f |
f |
|a NA283.O6 B4 1910
|t 0
|l Remote Storage
|